[Event "GBR-ch 103th"]
[Site "Bournemouth"]
[Date "2016.08.01"]
[Round "7.30"]
[White "Pleasants, Allan J"]
[Black "Graham, David B"]
[Result "1/2-1/2"]
[WhiteElo "2038"]
[BlackElo "2152"]
[PlyCount "81"]
[EventDate "2016.07.25"]
[EventType "swiss"]
[EventRounds "11"]
[EventCountry "GBR"]

1. e4 c5 2. b3 Nc6 3. Bb2 d6 4. Nc3 Nf6 5. Nf3 g6 6. Bc4 Bg7 7. Nd5 O-O 8.
Nxf6+ Bxf6 9. Bxf6 exf6 10. O-O Ne5 11. h3 Nxc4 12. bxc4 b6 13. d3 f5 14. exf5
Bxf5 15. Qd2 Qf6 16. Qf4 Kg7 17. Rae1 Bd7 18. Qxf6+ Kxf6 19. Nd2 Bc6 20. Ne4+
Bxe4 21. dxe4 Rfe8 22. f3 Re6 23. a4 h5 24. h4 Rg8 25. Kf2 Rf8 26. Ra1 Kg7 27.
a5 f5 28. axb6 axb6 29. exf5 Rxf5 30. Ra7+ Kf6 31. Kg3 g5 32. hxg5+ Rxg5+ 33.
Kf2 Rge5 34. Rh1 Re2+ 35. Kg3 Kg6 36. Rd7 Rxc2 37. Rd1 Rxc4 38. R1xd6 Kf6 39.
Rd5 Re5 40. R5d6+ Re6 41. Rd5 1/2-1/2

[Event "GBR-ch 103th"]
[Site "Bournemouth"]
[Date "2016.08.01"]
[Round "7.31"]
[White "Lentzos, Ioannis"]
[Black "Mason, Donald J"]
[Result "1/2-1/2"]
[WhiteElo "2016"]
[BlackElo "2143"]
[PlyCount "47"]
[EventDate "2016.07.25"]
[EventType "swiss"]
[EventRounds "11"]
[EventCountry "GBR"]

1. e4 e5 2. Nf3 Nc6 3. Nc3 Nf6 4. d4 exd4 5. Nd5 Be7 6. Bf4 d6 7. Nxd4 Nxd5 8.
exd5 Nxd4 9. Qxd4 O-O 10. O-O-O Bf6 11. Qd2 Re8 12. Bd3 c5 13. dxc6 Qb6 14. c3
bxc6 15. Qc2 g6 16. h4 Be6 17. h5 g5 18. Bxh7+ Kh8 19. Bxd6 Bxa2 20. Qf5 Re2
21. Qxf6+ Kxh7 22. Qf5+ Kh6 23. Qf6+ Kh7 24. Qf5+ 1/2-1/2

[Event "GBR-ch 103th"]
[Site "Bournemouth"]
[Date "2016.08.01"]
[Round "7.32"]
[White "Shepherd, Katherine M"]
[Black "Klingher, Dominic"]
[Result "1/2-1/2"]
[WhiteElo "1932"]
[BlackElo "2117"]
[PlyCount "116"]
[EventDate "2016.07.25"]
[EventType "swiss"]
[EventRounds "11"]
[EventCountry "GBR"]

1. d4 Nf6 2. Nf3 d6 3. c4 Nbd7 4. Nc3 c6 5. e4 g6 6. Bd3 Bg7 7. Bg5 O-O 8. Qd2
c5 9. Bc2 a6 10. b3 b5 11. cxb5 axb5 12. Nxb5 Ba6 13. Nc3 cxd4 14. Nxd4 Rc8 15.
Rc1 Qa5 16. Na4 Qxd2+ 17. Kxd2 Nxe4+ 18. Bxe4 Bxd4 19. f3 Nf6 20. Bc6 Rc7 21.
b4 Rb8 22. a3 Kg7 23. Be4 Nxe4+ 24. fxe4 Ra7 25. Nc3 Bc4 26. Ra1 d5 27. Be3
Bxe3+ 28. Kxe3 dxe4 29. Kxe4 f5+ 30. Ke3 e5 31. g3 Rc8 32. Rhc1 Rd8 33. Rd1
Rda8 34. a4 Bb3 35. Rd2 Rc7 36. Nd5 Rb7 37. a5 Bxd5 38. Rxd5 Rxb4 39. Rxe5 Kf6
40. Rc5 Rd8 41. a6 Re4+ 42. Kf2 Rd2+ 43. Kg1 Ree2 44. a7 Rg2+ 45. Kf1 Rdf2+ 46.
Ke1 Ra2 47. Rxa2 Rxa2 48. Rc7 h6 49. Rh7 Kg5 50. Kf1 h5 51. Rg7 Kg4 52. Rxg6+
Kf3 53. Ke1 Rxa7 54. h4 Ra1+ 55. Kd2 Ra5 56. Rg5 Re5 57. Kd3 Ra5 58. Kd4 Rb5
1/2-1/2

[Event "GBR-ch 103th"]
[Site "Bournemouth"]
[Date "2016.08.01"]
[Round "7.33"]
[White "Zhu, Richard"]
[Black "Britton, Richard L"]
[Result "1-0"]
[WhiteElo "1905"]
[BlackElo "2188"]
[PlyCount "65"]
[EventDate "2016.07.25"]
[EventType "swiss"]
[EventRounds "11"]
[EventCountry "GBR"]

1. Nf3 Nf6 2. g3 g6 3. Bg2 Bg7 4. d4 O-O 5. c4 d6 6. Nc3 Nc6 7. O-O e5 8. d5
Ne7 9. e4 Kh8 10. Ne1 Nfg8 11. Nd3 f5 12. f4 exf4 13. Nxf4 Nf6 14. Be3 fxe4 15.
Nxe4 Nf5 16. Bf2 Nxe4 17. Bxe4 Qf6 18. Rb1 b6 19. Kg2 Bd7 20. Qd3 Rae8 21. b3
Re5 22. Bd4 Qg5 23. Bxe5 dxe5 24. Bxf5 Bxf5 25. Ne6 Bxd3 26. Nxg5 Bxb1 27. Rxb1
Re8 28. Rf1 h6 29. Ne6 Re7 30. Kf3 c6 31. Ke4 cxd5+ 32. cxd5 Kg8 33. Nxg7 1-0

[Event "GBR-ch 103th"]
[Site "Bournemouth"]
[Date "2016.08.01"]
[Round "7.34"]
[White "Smith, Andrew P"]
[Black "Wager, John D"]
[Result "1/2-1/2"]
[WhiteElo "2145"]
[BlackElo "2053"]
[PlyCount "74"]
[EventDate "2016.07.25"]
[EventType "swiss"]
[EventRounds "11"]
[EventCountry "GBR"]

1. e4 e5 2. d4 exd4 3. Qxd4 Qf6 4. Qe3 Bb4+ 5. c3 Ba5 6. Ne2 Nc6 7. Nf4 Nge7 8.
Na3 d6 9. Nc4 Bb6 10. Nxb6 axb6 11. Bc4 Bd7 12. O-O O-O-O 13. a4 h6 14. b4 g5
15. Nd5 Nxd5 16. exd5 Ne5 17. Be2 Kb8 18. Bb5 Rdg8 19. Bxd7 Nxd7 20. a5 Re8 21.
Qg3 Rhg8 22. axb6 Nxb6 23. Be3 Nxd5 24. Ba7+ Kc8 25. c4 Nf4 26. Kh1 Qf5 27. Be3
Ne2 28. Qf3 Qxf3 29. gxf3 Nf4 30. Ra8+ Kd7 31. Ra7 Rb8 32. Bxf4 gxf4 33. Rd1
Kc6 34. Ra5 Rg5 35. Rad5 b5 36. R5d4 Rc5 37. Rc1 Kd7 1/2-1/2

[Event "GBR-ch 103th"]
[Site "Bournemouth"]
[Date "2016.08.01"]
[Round "7.35"]
[White "Crocker, Philip J"]
[Black "Dalton, Joseph"]
[Result "1/2-1/2"]
[WhiteElo "2122"]
[BlackElo "1928"]
[PlyCount "92"]
[EventDate "2016.07.25"]
[EventType "swiss"]
[EventRounds "11"]
[EventCountry "GBR"]

1. c4 c6 2. g3 d5 3. Nf3 Nf6 4. Bg2 Bf5 5. b3 h6 6. Bb2 e6 7. O-O Be7 8. d3 O-O
9. Nbd2 Nbd7 10. a3 a5 11. Rc1 Rc8 12. Rc2 Bh7 13. Qa1 c5 14. cxd5 exd5 15.
Rfc1 b5 16. a4 b4 17. Ne5 Nxe5 18. Bxe5 Re8 19. Nf3 Rc6 20. Nd4 Rb6 21. Nb5 Qd7
22. h3 Bf8 23. Bf4 Nh5 24. Be5 Rbe6 25. Bc7 Nf6 26. Bf3 Ra6 27. Kg2 Rc8 28. Bf4
g5 29. Be5 Ne8 30. Bd4 Rac6 31. Be3 Bg7 32. Qa2 Bf8 33. Rh1 Ng7 34. Qb1 Nf5 35.
Bd2 Nd6 36. Nxd6 Rxd6 37. Qc1 Ra6 38. Be3 d4 39. Bd2 f5 40. g4 f4 41. h4 Bg6
42. hxg5 hxg5 43. Rh2 Ra7 44. Qh1 Bg7 45. Kf1 Bf7 46. Rb2 Rd8 1/2-1/2

[Event "GBR-ch 103th"]
[Site "Bournemouth"]
[Date "2016.08.01"]
[Round "7.36"]
[White "Fallowfield, Jeremy R"]
[Black "Grieve, Harry"]
[Result "1-0"]
[WhiteElo "2109"]
[BlackElo "1994"]
[PlyCount "135"]
[EventDate "2016.07.25"]
[EventType "swiss"]
[EventRounds "11"]
[EventCountry "GBR"]

1. e4 e5 2. Nf3 Nc6 3. Bb5 g6 4. c3 d6 5. d4 Bd7 6. O-O Bg7 7. Re1 Qe7 8. Na3
a6 9. Bf1 Nf6 10. Nc4 O-O 11. Ne3 Nd8 12. dxe5 dxe5 13. Nd5 Nxd5 14. exd5 Qd6
15. c4 b6 16. Be3 Nb7 17. Qd2 f5 18. Bh6 Bxh6 19. Qxh6 Rae8 20. Qd2 a5 21. Qc3
Nc5 22. Rxe5 Ne4 23. Qd4 c5 24. dxc6 Qxd4 25. Nxd4 Rxe5 26. cxd7 Re7 27. d8=Q
Rxd8 28. Nc6 Red7 29. Nxd8 Rxd8 30. f3 Nc5 31. Rb1 Rd2 32. b4 Nd7 33. bxa5 bxa5
34. Rb7 Kf8 35. Ra7 Ke7 36. Rxa5 f4 37. a4 Kd6 38. Rb5 Ra2 39. Rd5+ Kc6 40. Ra5
Nc5 41. g3 g5 42. Ra7 Nb3 43. Bd3 Kc5 44. Rd7 Nd2 45. Be2 g4 46. Rd3 gxf3 47.
Bxf3 Kxc4 48. Bd5+ Kxd3 49. Bxa2 Ke3 50. gxf4 Kxf4 51. a5 Nf3+ 52. Kf2 Nd4 53.
a6 Nb5 54. Bc4 Na7 55. Bd5 Ke5 56. Bb7 Kf4 57. Ke2 Ke5 58. Ke3 h6 59. h4 Nb5
60. Bc6 Na7 61. Bf3 Nc8 62. Kd3 Na7 63. Kc4 Kd6 64. Bb7 Kd7 65. Kc5 Kc7 66. h5
Nb5 67. Kxb5 Kb8 68. Kc6 1-0

[Event "GBR-ch 103th"]
[Site "Bournemouth"]
[Date "2016.08.01"]
[Round "7.37"]
[White "Elwin, Adrian G"]
[Black "De Coverly, Roger D"]
[Result "1-0"]
[WhiteElo "1992"]
[BlackElo "2082"]
[PlyCount "97"]
[EventDate "2016.07.25"]
[EventType "swiss"]
[EventRounds "11"]
[EventCountry "GBR"]

1. d4 Nf6 2. c4 g6 3. Nc3 Bg7 4. e4 d6 5. Be2 O-O 6. Nf3 Nbd7 7. h3 e5 8. dxe5
dxe5 9. Bg5 c6 10. O-O Qc7 11. Qc2 a5 12. a3 Re8 13. Rad1 Nf8 14. Be3 Ne6 15.
Nxe5 Qxe5 16. f4 Qc7 17. c5 Nd7 18. b4 axb4 19. axb4 Ra6 20. e5 Nxe5 21. Bc1
Ra8 22. Ne4 Nd7 23. Nd6 Re7 24. f5 Nd4 25. Rxd4 Bxd4+ 26. Kh1 b6 27. fxg6 hxg6
28. Bc4 Ne5 29. Bxf7+ Rxf7 30. Nxf7 Nxf7 31. Qxg6+ Bg7 32. Bb2 Nh6 33. Qe8+ Kh7
34. cxb6 Qd7 35. Qe4+ Kg8 36. Bxg7 Kxg7 37. Qe5+ Kg8 38. Rf6 Qg7 39. Qe8+ Kh7
40. Qxc6 Ra2 41. Qe4+ Bf5 42. Rxf5 Nxf5 43. Qxf5+ Kh8 44. Qh5+ Kg8 45. Qd5+ Kf8
46. Qxa2 Qd4 47. Qa8+ Ke7 48. Qa7+ Ke6 49. Qc7 1-0

[Event "GBR-ch 103th"]
[Site "Bournemouth"]
[Date "2016.08.01"]
[Round "7.38"]
[White "Hand, Freddie"]
[Black "Varney, Zoe"]
[Result "1-0"]
[WhiteElo "2062"]
[BlackElo "1818"]
[PlyCount "87"]
[EventDate "2016.07.25"]
[EventType "swiss"]
[EventRounds "11"]
[EventCountry "GBR"]

1. d4 d5 2. c4 c6 3. Nf3 Nf6 4. Nc3 e6 5. Bg5 Nbd7 6. e3 Qa5 7. cxd5 Nxd5 8.
Qd2 Bb4 9. Rc1 c5 10. a3 Bxc3 11. bxc3 b6 12. c4 Qxd2+ 13. Nxd2 N5f6 14. f3 Bb7
15. Bh4 h6 16. Bf2 cxd4 17. exd4 g5 18. Be2 Rg8 19. O-O Rc8 20. c5 bxc5 21. Nc4
Ke7 22. Na5 Bd5 23. dxc5 g4 24. Bh4 gxf3 25. Bxf3 Bxf3 26. Rxf3 Rg6 27. c6 Ne5
28. Rxf6 Rxf6 29. Rf1 Nxc6 30. Bxf6+ Ke8 31. Rc1 Kd7 32. Rd1+ Kc7 33. Nxc6 Kxc6
34. Rc1+ Kd7 35. Rxc8 Kxc8 36. h4 Kd7 37. h5 Kd6 38. g4 e5 39. g5 Ke6 40. Bxe5
Kxe5 41. gxh6 Kf6 42. a4 a5 43. Kf2 Kg5 44. h7 1-0

[Event "GBR-ch 103th"]
[Site "Bournemouth"]
[Date "2016.08.01"]
[Round "7.39"]
[White "Clark, Ian C"]
[Black "Birkett, Richard"]
[Result "0-1"]
[WhiteElo "1963"]
[BlackElo "2053"]
[PlyCount "86"]
[EventDate "2016.07.25"]
[EventType "swiss"]
[EventRounds "11"]
[EventCountry "GBR"]

1. e4 c5 2. Nf3 Nc6 3. Nc3 e6 4. Bb5 Nd4 5. Bd3 g6 6. Nxd4 cxd4 7. Ne2 Bg7 8.
O-O d5 9. exd5 Qxd5 10. b3 Ne7 11. Ba3 Bd7 12. Ng3 Qa5 13. Qc1 f5 14. f4 Kf7
15. Rb1 Rhe8 16. Bc4 Qc7 17. Bxe7 Rxe7 18. a4 a6 19. Qa3 Rc8 20. Rbe1 b5 21.
axb5 axb5 22. Bd3 e5 23. fxe5 Rxe5 24. Ne4 Kg8 25. Ng5 Rce8 26. Rxe5 Qxe5 27.
Nf3 Qd5 28. Qa5 Bc6 29. Qc7 Be5 30. Qa7 Bd6 31. Qa1 g5 32. Re1 Ra8 33. Qd1 Bf4
34. h3 Bg3 35. Re2 g4 36. hxg4 fxg4 37. Nh2 Bxh2+ 38. Kxh2 Qh5+ 39. Kg3 Rf8 40.
Qg1 Qc5 41. Re6 Bd7 42. Rh6 Qe5+ 43. Kh4 g3 0-1

[Event "GBR-ch 103th"]
[Site "Bournemouth"]
[Date "2016.08.01"]
[Round "7.40"]
[White "Modi, Shyam Jagdish"]
[Black "Golding, James"]
[Result "0-1"]
[WhiteElo "1655"]
[BlackElo "1991"]
[PlyCount "76"]
[EventDate "2016.07.25"]
[EventType "swiss"]
[EventRounds "11"]
[EventCountry "GBR"]

1. e4 e5 2. Nf3 Nc6 3. Bb5 a6 4. Ba4 Nf6 5. O-O b5 6. Bb3 Bc5 7. c3 d6 8. d4
Bb6 9. a4 Rb8 10. axb5 axb5 11. Na3 Bg4 12. Nxb5 O-O 13. Bc2 exd4 14. Nbxd4
Nxd4 15. cxd4 Re8 16. Re1 Bxf3 17. gxf3 Nh5 18. Kh1 Qh4 19. Be3 Re6 20. Rg1 h6
21. Rg4 Qe7 22. d5 Rf6 23. Bxb6 cxb6 24. Ra3 Qe5 25. Qa1 Kh7 26. b4 Qxa1+ 27.
Rxa1 Rxf3 28. e5+ g6 29. exd6 Rd8 30. Kg2 Rc3 31. Rc1 Kg7 32. Rd4 Rxd6 33. Rd2
Nf4+ 34. Kg1 Rxd5 35. Rcd1 Rg5+ 36. Kf1 Nh3 37. Be4 Rg1+ 38. Ke2 Nf4# 0-1

[Event "GBR-ch 103th"]
[Site "Bournemouth"]
[Date "2016.08.01"]
[Round "7.41"]
[White "Brewer, Callum D"]
[Black "Grigoryan, Meri"]
[Result "1-0"]
[WhiteElo "1988"]
[BlackElo "1996"]
[PlyCount "87"]
[EventDate "2016.07.25"]
[EventType "swiss"]
[EventRounds "11"]
[EventCountry "GBR"]

1. e4 a6 2. d4 b5 3. Bd3 Bb7 4. Nf3 e6 5. c3 c5 6. O-O c4 7. Bc2 Nf6 8. Qe2 Be7
9. Nbd2 Nc6 10. Rd1 Qc7 11. d5 Ne5 12. Nxe5 Qxe5 13. Nf3 Qb8 14. Bg5 e5 15. a4
h6 16. Bh4 d6 17. Bg3 g5 18. Nd2 Bd8 19. f3 Nh5 20. Nf1 Nf4 21. Qe1 h5 22. Ne3
Bc8 23. Bxf4 gxf4 24. Nf1 Rg8 25. Kh1 h4 26. h3 Qb6 27. Nh2 Rb8 28. Ra2 Bd7 29.
axb5 Bxb5 30. Rda1 Qc5 31. Qg1 Qc8 32. Qe1 Rg6 33. Nf1 Rg8 34. Qf2 Qd7 35. Nh2
Qe7 36. Ng4 Rg6 37. Ba4 Bb6 38. Qe1 Bd8 39. Bxb5+ axb5 40. Ra7 Qg5 41. Ra8 Rxa8
42. Rxa8 f5 43. exf5 Qxf5 44. Qxh4 1-0

[Event "GBR-ch 103th"]
[Site "Bournemouth"]
[Date "2016.08.01"]
[Round "7.42"]
[White "Golding, Alex"]
[Black "Keely, Leo A"]
[Result "1-0"]
[WhiteElo "1961"]
[BlackElo "1938"]
[PlyCount "79"]
[EventDate "2016.07.25"]
[EventType "swiss"]
[EventRounds "11"]
[EventCountry "GBR"]

1. d4 Nf6 2. c4 g6 3. Nc3 Bg7 4. e4 d6 5. Be2 O-O 6. Bg5 Na6 7. Qd2 e5 8. dxe5
dxe5 9. Qxd8 Rxd8 10. Nd5 Rd6 11. f3 Nxd5 12. cxd5 Rb6 13. b3 Nb4 14. O-O-O
Nxa2+ 15. Kb2 Nb4 16. Be3 Bd7 17. Bxb6 axb6 18. Ra1 Rxa1 19. Kxa1 Bf8 20. Kb2
Bc5 21. Kc3 c6 22. dxc6 Nxc6 23. Bc4 Bd4+ 24. Kd2 Na5 25. Ne2 b5 26. Bd5 Bb6
27. Kc2 b4 28. Rd1 Bb5 29. Nc1 Nc6 30. Bxc6 bxc6 31. Nd3 Bxd3+ 32. Kxd3 Bd4 33.
Kc4 c5 34. Kd5 Kg7 35. Rc1 f5 36. Rxc5 Kf6 37. Rc4 Bc3 38. Rc7 h5 39. exf5 gxf5
40. h4 1-0

[Event "GBR-ch 103th"]
[Site "Bournemouth"]
[Date "2016.08.01"]
[Round "7.43"]
[White "Davis, Lee"]
[Black "Jina, Taran"]
[Result "1-0"]
[WhiteElo "1946"]
[BlackElo "1764"]
[PlyCount "53"]
[EventDate "2016.07.25"]
[EventType "swiss"]
[EventRounds "11"]
[EventCountry "GBR"]

1. d4 Nf6 2. g3 d5 3. Bg2 Bf5 4. Nf3 c6 5. O-O e6 6. c4 Nbd7 7. Nc3 Be7 8. Nh4
Bg6 9. Nxg6 hxg6 10. Qb3 Qb6 11. c5 Qa6 12. e4 dxe4 13. Nxe4 Nxe4 14. Bxe4
O-O-O 15. Rd1 g5 16. a4 g4 17. a5 Qe2 18. a6 Nxc5 19. axb7+ Kb8 20. Bf4+ Bd6
21. Qb6 a6 22. Bxd6+ Rxd6 23. Qxc5 Rdd8 24. Bd3 Qf3 25. Qe5+ Ka7 26. b8=Q+ Rxb8
27. Qc7+ 1-0

[Event "GBR-ch 103th"]
[Site "Bournemouth"]
[Date "2016.08.02"]
[Round "8.2"]
[White "Jones, Gawain CB"]
[Black "Pert, Nicholas"]
[Result "1-0"]
[WhiteElo "2650"]
[BlackElo "2570"]
[PlyCount "75"]
[EventDate "2016.07.25"]
[EventType "swiss"]
[EventRounds "11"]
[EventCountry "GBR"]

1. c4 e5 2. Nc3 Nc6 3. Nf3 Nf6 4. g3 Bc5 5. Bg2 d6 6. O-O O-O 7. e3 Bf5 8. d3
Qd7 9. a3 a6 10. b4 Ba7 11. Bb2 Bh3 12. Rc1 Bxg2 13. Kxg2 Rfe8 14. Ne4 Ng4 15.
h3 Nh6 16. Nc3 Nf5 17. Nd5 Nce7 18. e4 Nxd5 19. cxd5 Ne7 20. d4 Ng6 21. dxe5
dxe5 22. Nd2 Rad8 23. Nb3 c6 24. dxc6 Qe6 25. Qf3 bxc6 26. Nc5 Bxc5 27. Rxc5
Rd2 28. Bc1 Rd6 29. Qe2 Qb3 30. Ra5 Nf8 31. Be3 Ne6 32. Qxa6 Qc2 33. Rxe5 f6
34. Rc1 Qb3 35. Rxc6 fxe5 36. Rxd6 Nf8 37. Qc6 Qf7 38. Qd5 1-0

[Event "GBR-ch 103th"]
[Site "Bournemouth"]
[Date "2016.08.02"]
[Round "8.3"]
[White "Gormally, Daniel W"]
[Black "Ward, Chris G"]
[Result "1-0"]
[WhiteElo "2494"]
[BlackElo "2437"]
[PlyCount "62"]
[EventDate "2016.07.25"]
[EventType "swiss"]
[EventRounds "11"]
[EventCountry "GBR"]

1. e4 c5 2. Nf3 g6 3. c3 Bg7 4. Bc4 d6 5. O-O Nf6 6. d3 O-O 7. Bb3 Nc6 8. h3
Rb8 9. Re1 b5 10. Nbd2 a5 11. Nf1 b4 12. Be3 Nd7 13. d4 Ba6 14. N1h2 bxc3 15.
bxc3 cxd4 16. cxd4 Nf6 17. e5 Ne8 18. Ng4 d5 19. Qd2 Nc7 20. Rac1 Nb4 21. Rxc7
Qxc7 22. Bh6 Bxh6 23. Qxh6 f6 24. exf6 exf6 25. Re6 Qg7 26. Qe3 h5 27. Re7 hxg4
28. Rxg7+ Kxg7 29. hxg4 Bc4 30. g5 Rbe8 31. gxf6+ Kxf6 1-0

[Event "GBR-ch 103th"]
[Site "Bournemouth"]
[Date "2016.08.02"]
[Round "8.4"]
[White "Kolbus, Dietmar"]
[Black "Howell, David WL"]
[Result "0-1"]
[WhiteElo "2315"]
[BlackElo "2663"]
[PlyCount "114"]
[EventDate "2016.07.25"]
[EventType "swiss"]
[EventRounds "11"]
[EventCountry "GBR"]

1. Nf3 g6 2. g3 Bg7 3. d4 c5 4. Bg2 cxd4 5. Nxd4 Qa5+ 6. c3 Nf6 7. Nb3 Qc7 8.
O-O O-O 9. e4 d6 10. h3 Nc6 11. Na3 Bd7 12. Re1 Rab8 13. Nb5 Qc8 14. Kh2 a6 15.
N5d4 b5 16. a3 Rd8 17. Nxc6 Bxc6 18. Qe2 Qc7 19. Nd4 Ba8 20. Bd2 Nd7 21. Rad1
Qc4 22. Bg5 Re8 23. Nc2 a5 24. Be3 Qa2 25. Rb1 Qc4 26. Rbd1 Nb6 27. Bd4 Na4 28.
Bxg7 Qxe2 29. Rxe2 Kxg7 30. Rb1 Kf6 31. Rd2 Rec8 32. Kg1 Bc6 33. Ne3 Kg7 34.
Re1 b4 35. axb4 axb4 36. c4 b3 37. f3 Ra8 38. Nd1 Bd7 39. Bf1 Be6 40. Ne3 Nc5
41. Kf2 Ra2 42. h4 h6 43. Be2 g5 44. Nd5 Bxd5 45. exd5 gxh4 46. gxh4 Kf6 47.
Bd1 Rxb2 48. Rxb2 Nd3+ 49. Ke2 Nxb2 50. Bxb3 Rb8 51. Ba2 Ra8 52. Bb1 Nxc4 53.
Kf2 Ra1 54. Re4 Rxb1 55. Rxc4 Rd1 56. Rf4+ Kg7 57. Re4 Kf8 0-1

[Event "GBR-ch 103th"]
[Site "Bournemouth"]
[Date "2016.08.02"]
[Round "8.5"]
[White "Hebden, Mark L"]
[Black "Taylor, Adam A"]
[Result "1-0"]
[WhiteElo "2509"]
[BlackElo "2168"]
[PlyCount "137"]
[EventDate "2016.07.25"]
[EventType "swiss"]
[EventRounds "11"]
[EventCountry "GBR"]

1. d4 Nf6 2. Nf3 e6 3. e3 c5 4. c4 d5 5. cxd5 exd5 6. Bb5+ Bd7 7. Bxd7+ Nbxd7
8. dxc5 Nxc5 9. O-O Be7 10. Nc3 O-O 11. b3 Rc8 12. Bb2 Nce4 13. Qd3 Qa5 14. Qb5
Qxb5 15. Nxb5 Rc2 16. Rab1 Rfc8 17. Nbd4 R2c7 18. Rbd1 Bf8 19. Ne5 a6 20. Nd3
Nc3 21. Bxc3 Rxc3 22. Rc1 g6 23. Rxc3 Rxc3 24. Rd1 Bd6 25. Kf1 Kf8 26. h3 h5
27. Ke2 Ke7 28. f3 Rc8 29. a4 Rc3 30. g4 h4 31. Kd2 Rc8 32. Ne2 Bc7 33. g5 Nh5
34. Nc3 Rd8 35. Kc2 d4 36. exd4 Rxd4 37. Re1+ Kf8 38. Ne4 Nf4 39. Nxf4 Bxf4 40.
Rg1 Rd5 41. Rg4 Bh2 42. Nf6 Rf5 43. Rxh4 Ke7 44. Re4+ Kd6 45. Re2 Be5 46. Ne4+
Kc6 47. Re3 Bf4 48. Rc3+ Kb6 49. h4 Be5 50. Rc5 Ka7 51. b4 b6 52. Rd5 Kb7 53.
b5 axb5 54. axb5 Kc7 55. Kd1 Rxf3 56. Rxe5 Rf4 57. Ke2 Rxh4 58. Ke3 Kd7 59.
Rd5+ Ke6 60. Kd4 Rg4 61. Rd6+ Ke7 62. Rxb6 Rg1 63. Ke5 Rb1 64. Rb7+ Kf8 65. b6
Rb5+ 66. Kd6 Rb4 67. Nc5 Rd4+ 68. Kc6 Rb4 69. Rc7 1-0

[Event "GBR-ch 103th"]
[Site "Bournemouth"]
[Date "2016.08.02"]
[Round "8.6"]
[White "Brown, Martin"]
[Black "Tan, Justin"]
[Result "0-1"]
[WhiteElo "2252"]
[BlackElo "2438"]
[PlyCount "82"]
[EventDate "2016.07.25"]
[EventType "swiss"]
[EventRounds "11"]
[EventCountry "GBR"]

1. e4 e5 2. Nf3 Nc6 3. d4 exd4 4. Nxd4 Bc5 5. Nb3 Bb4+ 6. c3 Be7 7. Bf4 d6 8.
c4 Bf6 9. Qd2 a5 10. Nc3 Nge7 11. O-O-O a4 12. Na1 O-O 13. Nc2 Be6 14. Be3 Qc8
15. f4 Bxc3 16. Qxc3 f5 17. Bd3 b6 18. h3 Qa6 19. exf5 Bxf5 20. g4 Bxd3 21.
Qxd3 Rad8 22. Rhf1 Kh8 23. Kb1 Qb7 24. Bd4 d5 25. f5 dxc4 26. Qxc4 b5 27. Qe2
Nd5 28. Bc5 Rfe8 29. Qg2 Nd4 30. Rf2 Nxc2 31. Rxc2 Nc3+ 32. bxc3 Rxd1+ 33. Kb2
Qxg2 34. Rxg2 Kg8 35. Ka3 Re4 36. Bd4 Rb1 37. Rd2 Ree1 38. Bf2 Red1 39. Re2 Rd3
40. Rc2 Rxc3+ 41. Rxc3 b4+ 0-1

[Event "GBR-ch 103th"]
[Site "Bournemouth"]
[Date "2016.08.02"]
[Round "8.7"]
[White "Osborne, Marcus E"]
[Black "Palliser, Richard JD"]
[Result "1/2-1/2"]
[WhiteElo "2244"]
[BlackElo "2422"]
[PlyCount "66"]
[EventDate "2016.07.25"]
[EventType "swiss"]
[EventRounds "11"]
[EventCountry "GBR"]

1. e4 g6 2. d4 Bg7 3. Nf3 d6 4. Bc4 c6 5. Bb3 Nf6 6. Qe2 O-O 7. O-O Bg4 8. Nbd2
Nbd7 9. h3 Bxf3 10. Nxf3 e5 11. dxe5 dxe5 12. c3 Nc5 13. Bc2 Nh5 14. Be3 Ne6
15. g3 Qe7 16. b4 a5 17. a3 Kh8 18. Bb3 axb4 19. axb4 Rxa1 20. Rxa1 f5 21. exf5
gxf5 22. Nxe5 Nxg3 23. fxg3 Bxe5 24. Bf2 Qg7 25. Bxe6 Bxg3 26. Bxg3 Qxg3+ 27.
Kh1 Re8 28. Re1 Qxh3+ 29. Qh2 Qxc3 30. Rg1 Qf3+ 31. Rg2 Qf1+ 32. Rg1 Qf3+ 33.
Rg2 Qf1+ 1/2-1/2

[Event "GBR-ch 103th"]
[Site "Bournemouth"]
[Date "2016.08.02"]
[Round "8.8"]
[White "Emms, John M"]
[Black "Claridge-Hansen, William"]
[Result "1-0"]
[WhiteElo "2467"]
[BlackElo "2299"]
[PlyCount "57"]
[EventDate "2016.07.25"]
[EventType "swiss"]
[EventRounds "11"]
[EventCountry "GBR"]

1. Nf3 Nf6 2. c4 c5 3. Nc3 Nc6 4. e3 g6 5. d4 cxd4 6. exd4 d5 7. cxd5 Nxd5 8.
Qb3 Nxc3 9. Bc4 Nd5 10. Bxd5 e6 11. Bxc6+ bxc6 12. O-O f6 13. Bf4 Kf7 14. Rac1
Bd7 15. Nd2 Qb6 16. Qf3 Kg7 17. Ne4 Be7 18. Bd6 Qd8 19. Qa3 Re8 20. Rfe1 Bxd6
21. Nxd6 Rf8 22. Re3 Qc7 23. d5 exd5 24. Re7+ Kg8 25. Qg3 Qd8 26. Rce1 Bg4 27.
Qf4 g5 28. Qxg4 Qxd6 29. Qh5 1-0

[Event "GBR-ch 103th"]
[Site "Bournemouth"]
[Date "2016.08.02"]
[Round "8.9"]
[White "Arkell, Keith C"]
[Black "Storey, Charles H"]
[Result "1-0"]
[WhiteElo "2455"]
[BlackElo "2256"]
[PlyCount "113"]
[EventDate "2016.07.25"]
[EventType "swiss"]
[EventRounds "11"]
[EventCountry "GBR"]

1. c4 Nf6 2. Nc3 c5 3. g3 Nc6 4. Bg2 g6 5. e3 Ne5 6. d3 h5 7. h3 a6 8. b3 Rb8
9. d4 cxd4 10. exd4 Nc6 11. Bf4 d6 12. Nf3 Qa5 13. Qd2 e5 14. Bg5 Nh7 15. Be3
Bg7 16. Rd1 O-O 17. O-O Bf5 18. d5 Ne7 19. Nh4 Bd7 20. Ne4 Qxd2 21. Bxd2 f5 22.
Nxd6 e4 23. Bb4 g5 24. Nhxf5 Nxf5 25. Nxe4 Rf7 26. Nc5 a5 27. Bxa5 b6 28. Nxd7
Rxd7 29. Bb4 g4 30. d6 Nd4 31. Bd5+ Kh8 32. hxg4 hxg4 33. Kg2 Bf6 34. c5 Nc2
35. c6 Nxb4 36. cxd7 Nf8 37. Rfe1 Nxd7 38. Re4 Nxd5 39. Rxd5 Kg7 40. Rxg4+ Kf7
41. Re4 Rc8 42. Re2 Rc3 43. f4 Bd8 44. Rh5 Kg7 45. Re8 Bf6 46. g4 Rd3 47. g5
Rxd6 48. gxf6+ Nxf6 49. Re7+ Kf8 50. Rhe5 Nd5 51. Re8+ Kf7 52. Kf3 b5 53. Rb8
Nc3 54. Rexb5 Rd3+ 55. Kg4 Nxa2 56. R8b7+ Ke6 57. R5b6+ 1-0

[Event "GBR-ch 103th"]
[Site "Bournemouth"]
[Date "2016.08.02"]
[Round "8.10"]
[White "Batchelor, Peter J"]
[Black "Wells, Peter K"]
[Result "1/2-1/2"]
[WhiteElo "2341"]
[BlackElo "2419"]
[PlyCount "98"]
[EventDate "2016.07.25"]
[EventType "swiss"]
[EventRounds "11"]
[EventCountry "GBR"]

1. d4 Nf6 2. c4 e6 3. Nf3 d5 4. Nc3 c6 5. Bg5 h6 6. Bxf6 Qxf6 7. Qb3 Qe7 8. a3
dxc4 9. Qxc4 Nd7 10. e4 e5 11. d5 Qf6 12. Rd1 Nb6 13. Qd3 Bg4 14. dxc6 bxc6 15.
Be2 Bc5 16. b4 Be7 17. O-O O-O 18. Qa6 Rfc8 19. h3 Be6 20. Qa5 c5 21. Nd5 Bxd5
22. exd5 cxb4 23. axb4 e4 24. Nd4 Bd6 25. Nc6 Re8 26. Qa3 Qg5 27. Qe3 Bf4 28.
h4 Qf6 29. Qh3 Nxd5 30. Rxd5 Qxc6 31. Rf5 Qc7 32. Qb3 Re7 33. h5 Rd8 34. Qc4
Bg5 35. Qxc7 Rxc7 36. Rc5 Rxc5 37. bxc5 Rc8 38. Ra1 Rxc5 39. Rxa7 Rc1+ 40. Bf1
e3 41. Ra8+ Kh7 42. Ra2 exf2+ 43. Kxf2 Bh4+ 44. Kg1 f5 45. g4 f4 46. Ra3 Kg8
47. Kg2 Rc2+ 48. Kh3 Be7 49. Rb3 Bf6 1/2-1/2

[Event "GBR-ch 103th"]
[Site "Bournemouth"]
[Date "2016.08.02"]
[Round "8.11"]
[White "Houska, Jovanka"]
[Black "Waddington, Mike P"]
[Result "1-0"]
[WhiteElo "2386"]
[BlackElo "2018"]
[PlyCount "87"]
[EventDate "2016.07.25"]
[EventType "swiss"]
[EventRounds "11"]
[EventCountry "GBR"]

1. d4 Nf6 2. Nf3 e6 3. c4 Bb4+ 4. Bd2 Qe7 5. g3 Nc6 6. Nc3 Bxc3 7. Bxc3 Ne4 8.
Rc1 O-O 9. Bg2 d6 10. d5 Nxc3 11. Rxc3 Nb8 12. dxe6 fxe6 13. O-O Nc6 14. Ne1 e5
15. Nc2 Bg4 16. b4 Rae8 17. b5 Nd8 18. Ra3 b6 19. Rxa7 Ne6 20. Ne3 Bh5 21. Nd5
Qd8 22. h3 Rf7 23. Nc3 h6 24. Qd3 Nc5 25. Qc2 Rff8 26. Bc6 Qb8 27. Ra8 Qxa8 28.
Bxa8 Rxa8 29. f4 e4 30. f5 Bf7 31. Nxe4 Nxe4 32. Qxe4 Rxa2 33. Qd3 Rfa8 34. Rf3
R8a4 35. f6 g6 36. Qe3 g5 37. h4 Rxc4 38. hxg5 Rg4 39. gxh6 Rg6 40. Qe7 Rxh6
41. Qd8+ Kh7 42. Qf8 Ra1+ 43. Kg2 Kg6 44. Qg7+ 1-0